[Event "FRA-chT4"]
[Site "Ech Ardennais/La Francheville"]
[Date "2004.12.05"]
[Round "3"]
[White "Evrard, Lea"]
[Black "Hentzien, Natacha"]
[Result "0-1"]
[WhiteElo "1009"]
[BlackElo "1350"]
[PlyCount "70"]
[EventDate "2004.10.10"]
[EventType "team"]
[EventRounds "3"]
[EventCountry "FRA"]
[SourceTitle "EXT 2007"]
[Source "ChessBase"]
[SourceDate "2006.11.23"]
[SourceVersion "1"]
[SourceVersionDate "2006.11.23"]
[SourceQuality "1"]

1. e4 e5 2. Nf3 Nc6 3. Bb5 Nf6 4. Nc3 d6 5. d3 Bd7 6. 0-0 a6 7. Bxc6 Bxc6 8. Be3 Qe7 9. Qe2 d5 10. exd5 Nxd5 11. Nxd5 Bxd5 12. b3 h6 13. c4 Bc6 14. Rac1 Qf6 15. d4 e4 16. Nd2 Ba3 17. Rc2 0-0 18. d5 Bd7 19. Nxe4 Qe7 20. Nd2 Bf5 21. Rc3 Qf6 22. Rd3 Bxd3 23. Qxd3 Rfe8 24. Ne4 Qf5 25. f3 Bd6 26. Bd2 Bc5+ 27. Kh1 Re7 28. Bc3 Kf8 29. Rd1 Bb6 30. c5 Rd8 31. Nd6 Qxd3 32. Rxd3 Bxc5 33. Nxb7 Rde8 34. Nxc5 Re1+ 35. Bxe1 Rxe1# 0-1

[Event "FRA-chT4"]
[Site "Ech Ardennais/La Francheville"]
[Date "2004.10.10"]
[Round "1"]
[White "Baume, Sandrine"]
[Black "Hentzien, Natacha"]
[Result "1-0"]
[WhiteElo "1500"]
[BlackElo "1350"]
[PlyCount "83"]
[EventDate "2004.10.10"]
[EventType "team"]
[EventRounds "3"]
[EventCountry "FRA"]
[SourceTitle "EXT 2007"]
[Source "ChessBase"]
[SourceDate "2006.11.23"]
[SourceVersion "1"]
[SourceVersionDate "2006.11.23"]
[SourceQuality "1"]

1. e4 c6 2. d4 d5 3. f3 Nd7 4. Nc3 dxe4 5. fxe4 e6 6. Be3 Be7 7. Qd2 e5 8. dxe5 Nxe5 9. Qxd8+ Bxd8 10. 0-0-0 Be7 11. Nf3 Bg4 12. Be2 Nd7 13. h3 Be6 14. Nd4 Bc5 15. Kb1 Nb6 16. Nxe6 Bxe3 17. Nc7+ Ke7 18. Nxa8 Nxa8 19. Rd3 Bf4 20. Rhd1 Nb6 21. g4 h6 22. a4 a5 23. Rf3 g5 24. Rdf1 Nf6 25. e5 Bxe5 26. Re3 Ke6 27. Rf5 Nfd7 28. Re4 f6 29. Bc4+ Nxc4 30. Rxc4 Nb6 31. Re4 Nc8 32. Re3 Nd6 33. Rf1 Kf7 34. Rxe5 Nc4 35. Re2 Kg6 36. b3 Nd6 37. Re6 Rd8 38. Rfxf6+ Kg7 39. Rxd6 Rxd6 40. Rxd6 Kh7 41. Rd7+ Kg6 42. Rxb7 1-0

[Event "FRA-chT4 0203"]
[Site "Champagne Ardenne"]
[Date "2002.10.13"]
[Round "1"]
[White "Barbelin, Carine"]
[Black "Hentzien, Natacha"]
[Result "1-0"]
[WhiteElo "1580"]
[BlackElo "1199"]
[PlyCount "87"]
[EventDate "2002.10.02"]
[EventType "team"]
[EventRounds "7"]
[EventCountry "FRA"]
[SourceTitle "EXT 2005"]
[Source "ChessBase"]
[SourceDate "2004.11.15"]
[SourceVersion "1"]
[SourceVersionDate "2004.11.15"]
[SourceQuality "1"]

1. c4 e5 2. g3 Nf6 3. e3 c5 4. Bg2 d6 5. Ne2 Be6 6. b3 Nc6 7. Nbc3 g6 8. Bb2 Bg7 9. d4 Bg4 10. Qd2 Nd7 11. dxc5 Nxc5 12. Rd1 Bf8 13. Nb5 Ne6 14. Nxd6+ Bxd6 15. Bxc6+ bxc6 16. Qxd6 Qxd6 17. Rxd6 f6 18. f4 a5 19. fxe5 a4 20. exf6 axb3 21. axb3 Ra2 22. Rd2 Rf8 23. Nc3 Ra5 24. 0-0 Bf5 25. e4 Bh3 26. Rff2 Ng5 27. Rd6 Ra6 28. e5 Bg4 29. Kf1 Rb6 30. Nd5 Rb7 31. Rxc6 Kd8 32. b4 Kd7 33. Rd6+ Kc8 34. Rc2 Re8 35. c5 Nf3 36. Ne7+ Kc7 37. f7 Rf8 38. e6 Rxb4 39. Nd5+ Kb7 40. Nxb4 Bf5 41. c6+ Kc7 42. Rd7+ Kb6 43. e7 Bxd7 44. exf8Q 1-0